000 01065cam a2200349L 4500
001 73453
005 20230410123612.0
008 090507s2009 fr f pb 001 0 fre d
035 _a(OCoLC)ocn495274875
040 _aZWZ
_encafnor
_bfre
_cZWZ
020 _a9782729844943 (br)
020 _a2729844945 (br)
029 0 _aZWZ
_b133333280
035 _a(OCoLC)495274875
050 1 4 _aKJV 7979
_bC626f 2009
082 0 0 _a343.0944
100 1 _aClément, Gérard.
245 1 0 _aFiches de droit pénal général :
_brappels de cours et exercices corrigés /
_cGérard Clément,... Jean-Philippe Vicentini,....
250 _a2a. ed.
260 _aParis :
_bEllipses,
_c2009.
300 _a255 p. :
_btabl. ;
_c24 cm.
490 1 _aFiches,
_x1778-2821
504 _aBibliogr. p. 253. Index.
650 0 _aCriminal Law
_zFrance.
650 7 _aDroit pénal
_zFrance
_xProblémes et exercices.
650 4 _aDerecho Penal
_zFrancia
700 1 _aVicentini, Jean-Philippe.
830 0 _aFiches.
942 _2lcc
_cbk
946 _accruz
994 _aC0
_bDRFGD
999 _c64689
_d64689